[Event "BCF-chT3N 1718 (4NCL)"]
[Site "England"]
[Date "2018.05.07"]
[Round "11.14"]
[White "Pearson, Raymond"]
[Black "Murray, David"]
[Result "0-1"]
[WhiteElo "1901"]
[BlackElo "2151"]
[PlyCount "74"]
[EventDate "2017.11.11"]
[EventType "team-swiss"]
[EventRounds "11"]
[EventCountry "ENG"]
[SourceTitle "EXT 2020"]
[Source "ChessBase"]
[SourceDate "2019.10.17"]
[SourceVersion "1"]
[SourceVersionDate "2019.10.17"]
[SourceQuality "1"]
[WhiteTeam "Holmes Chapel"]
[BlackTeam "Gonzaga"]
[WhiteTeamCountry "ENG"]
[BlackTeamCountry "IRL"]

1. c4 Nf6 2. Nc3 c5 3. Nf3 Nc6 4. g3 g6 5. Bg2 Bg7 6. 0-0 0-0 7. d4 cxd4 8. Nxd4 d6 9. Nxc6 bxc6 10. Bxc6 Rb8 11. Qa4 Bh3 12. Bg2 Bxg2 13. Kxg2 Nd7 14. Qxa7 Bxc3 15. bxc3 Nc5 16. Qa3 Qc8 17. Bh6 Qc6+ 18. f3 Ra8 19. Qc1 Rfc8 20. Qg5 Ra7 21. Rf2 Ne6 22. Qd5 Qxc4 23. Qxc4 Rxc4 24. Rb1 f6 25. f4 Kf7 26. h4 Rxa2 27. Rb8 Rxc3 28. e3 Rcc2 29. Rxc2 Rxc2+ 30. Kf3 Nc5 31. Rf8+ Ke6 32. Rh8 f5 33. e4 fxe4+ 34. Kg4 e3 35. Rxh7 e2 36. Bf8 Kd5 37. Rxe7 Ne6 0-1

[Event "BCF-chT3N 1718 (4NCL)"]
[Site "England"]
[Date "2018.05.06"]
[Round "10.34"]
[White "McLean, Robert"]
[Black "Pearson, Raymond"]
[Result "0-1"]
[WhiteElo "1887"]
[BlackElo "1901"]
[PlyCount "40"]
[EventDate "2017.11.11"]
[EventType "team-swiss"]
[EventRounds "11"]
[EventCountry "ENG"]
[SourceTitle "EXT 2020"]
[Source "ChessBase"]
[SourceDate "2019.10.17"]
[SourceVersion "1"]
[SourceVersionDate "2019.10.17"]
[SourceQuality "1"]
[WhiteTeam "3CS Oldham II"]
[BlackTeam "Holmes Chapel"]
[WhiteTeamCountry "ENG"]
[BlackTeamCountry "ENG"]

1. e4 c5 2. Nf3 d6 3. d4 cxd4 4. Nxd4 Nf6 5. Nc3 g6 6. Be3 Bg7 7. f3 Nc6 8. Qd2 Bd7 9. Bc4 0-0 10. 0-0-0 Rb8 11. g4 b5 12. Bxb5 Nxd4 13. Bxd7 Nxf3 14. Qe2 Nxe4 15. Nxe4 Bxb2+ 16. Kb1 Qa5 17. a4 Qb4 18. Nc5 dxc5 19. Bxc5 Qxc5 20. Qxf3 Bc3+ 0-1

[Event "Tom Weston Major op"]
[Site "Cardiff"]
[Date "2018.04.02"]
[Round "6"]
[White "Timmins, Chris P"]
[Black "Pearson, Raymond"]
[Result "1/2-1/2"]
[WhiteElo "1844"]
[BlackElo "1898"]
[PlyCount "76"]
[EventDate "2018.03.30"]
[EventType "swiss"]
[EventRounds "7"]
[EventCountry "WLS"]
[SourceTitle "EXT 2020"]
[Source "ChessBase"]
[SourceDate "2019.10.17"]
[SourceVersion "1"]
[SourceVersionDate "2019.10.17"]
[SourceQuality "1"]

1. d4 Nf6 2. Nf3 g6 3. Bg5 Bg7 4. Nbd2 d5 5. e3 0-0 6. c4 c6 7. Be2 Bf5 8. Qb3 Qb6 9. 0-0 Nbd7 10. Ne5 Rfe8 11. cxd5 cxd5 12. Bb5 a6 13. Ba4 Qxb3 14. Bxb3 e6 15. Nxd7 Nxd7 16. Rfc1 Rac8 17. a4 b6 18. h3 Bf8 19. Bf4 Bb4 20. Nf3 f6 21. Bc7 Ba5 22. Ba2 Bd3 23. Bd6 b5 24. b4 Bb6 25. a5 Ba7 26. Nd2 Bc4 27. Nb3 Rc6 28. Bc5 Nxc5 29. Nxc5 Bxc5 30. dxc5 Kf7 31. Rd1 Ke7 32. Bb1 e5 33. Bc2 Ke6 34. Rd2 f5 35. h4 e4 36. g3 h6 37. Kg2 Ke5 38. Rh1 h5 1/2-1/2

[Event "Tom Weston Major op"]
[Site "Cardiff"]
[Date "2016.03.28"]
[Round "6"]
[White "Pearson, Raymond"]
[Black "Gibbs, Dominic V"]
[Result "0-1"]
[WhiteElo "1952"]
[BlackElo "1914"]
[PlyCount "60"]
[EventDate "2016.03.25"]
[EventType "swiss"]
[EventRounds "7"]
[EventCountry "WLS"]
[SourceTitle "EXT 2018"]
[Source "ChessBase"]
[SourceDate "2017.10.13"]
[SourceVersion "1"]
[SourceVersionDate "2017.10.13"]
[SourceQuality "1"]

1. c4 f5 2. g3 Nf6 3. Bg2 g6 4. Nf3 Bg7 5. d4 d6 6. 0-0 0-0 7. Nc3 c6 8. d5 e5 9. dxe6 Bxe6 10. Bf4 Bxc4 11. Bxd6 Re8 12. Ne5 Be6 13. Qd3 Nbd7 14. Nxc6 bxc6 15. Bxc6 Rc8 16. Bb7 Nc5 17. Bxc5 Qxd3 18. exd3 Rxc5 19. Rfe1 Kf7 20. Rad1 Rb8 21. d4 Rxc3 22. bxc3 Rxb7 23. Re2 Ne4 24. Rde1 Bc4 25. Re3 Bxa2 26. Ra1 Bd5 27. g4 Nxc3 28. Rxc3 Bxd4 29. Rca3 Bxa1 30. Rxa1 Be4 0-1

[Event "Tom Weston Major op"]
[Site "Cardiff"]
[Date "2016.03.26"]
[Round "4"]
[White "Pearson, Raymond"]
[Black "Ivekovic, Tihana"]
[Result "0-1"]
[WhiteElo "1952"]
[BlackElo "2115"]
[PlyCount "58"]
[EventDate "2016.03.25"]
[EventType "swiss"]
[EventRounds "7"]
[EventCountry "WLS"]
[SourceTitle "EXT 2018"]
[Source "ChessBase"]
[SourceDate "2017.10.13"]
[SourceVersion "1"]
[SourceVersionDate "2017.10.13"]
[SourceQuality "1"]

1. Nf3 d5 2. c4 e6 3. g3 Nf6 4. Bg2 Be7 5. 0-0 0-0 6. d4 dxc4 7. Ne5 Nc6 8. Nxc6 bxc6 9. Bxc6 Rb8 10. Qc2 Qxd4 11. Rd1 Qb6 12. Bf3 Ba6 13. Nc3 Rbd8 14. Be3 c5 15. Bf4 Rxd1+ 16. Rxd1 Rd8 17. Rd2 Rxd2 18. Qxd2 Bb7 19. Na4 Qa6 20. Bxb7 Qxb7 21. Qa5 h6 22. Nxc5 Qxb2 23. Qxa7 Bxc5 24. Qxc5 Qxa2 25. Qe5 Nd5 26. Be3 Nxe3 27. Qxe3 Qb2 28. Kg2 c3 29. Qd4 Qd2 0-1

[Event "Colwyn Bay op"]
[Site "Colwyn Bay"]
[Date "2014.07.06"]
[Round "5"]
[White "Pearson, Raymond"]
[Black "Truman, Richard G"]
[Result "1/2-1/2"]
[WhiteElo "1979"]
[BlackElo "2082"]
[PlyCount "144"]
[EventDate "2014.07.04"]
[EventType "swiss"]
[EventRounds "5"]
[EventCountry "WLS"]
[SourceTitle "EXT 2016"]
[Source "ChessBase"]
[SourceDate "2015.10.08"]
[SourceVersion "1"]
[SourceVersionDate "2015.10.08"]
[SourceQuality "1"]

1. e4 e5 2. f4 exf4 3. Bc4 d5 4. Bxd5 Nf6 5. Nc3 c6 6. Bb3 Bg4 7. Nf3 Bc5 8. Bxf7+ Ke7 9. Bb3 Re8 10. d3 g5 11. Na4 Bd6 12. h3 Bh5 13. 0-0 Kd7 14. Qe1 h6 15. Qc3 b5 16. Nc5+ Bxc5+ 17. Qxc5 Qb6 18. Qxb6 axb6 19. Nd4 Ng8 20. Nf5 Rf8 21. Bxg8 Rxg8 22. Nxh6 Rh8 23. Nf5 Na6 24. Bd2 Nc5 25. Bc3 Rhf8 26. h4 Bg4 27. hxg5 Bxf5 28. exf5 Rxf5 29. Bf6 Ne6 30. g4 Rd5 31. Rae1 Rg8 32. Re4 Nxg5 33. Bxg5 Rdxg5 34. Rfxf4 Kd6 35. Kg2 R8g6 36. Kf3 Rh6 37. Kg3 Rh1 38. Rf6+ Kd7 39. Kf4 Rg7 40. Ke5 Rg1 41. Rff4 Rg2 42. Kf6 Rg8 43. Kf7 Rg5 44. Rd4+ Kc7 45. Ke6 Re2+ 46. Kf6 Rg8 47. Rde4 Rxc2 48. Re7+ Kd6 49. Re6+ Kd5 50. Re5+ Kd6 51. Rd4+ Kc7 52. Re7+ Kc8 53. Rg7 Rxg7 54. Kxg7 Rxb2 55. g5 Rxa2 56. g6 Rg2 57. Kf7 Rf2+ 58. Kg8 Rg2 59. g7 c5 60. Rf4 b4 61. Kf7 b3 62. g8Q+ Rxg8 63. Kxg8 Kd7 64. Rf6 Kc7 65. Kf7 Kb7 66. Ke6 Kc6 67. Ke5+ Kb5 68. Kd5 b2 69. Rf1 Kb4 70. Kc6 Kc3 71. Kxb6 Kxd3 72. Kxc5 Kc2 1/2-1/2

[Event "BCF-chT3 1314 (4NCL)"]
[Site "England"]
[Date "2014.05.05"]
[Round "11.178"]
[White "Green, Michael"]
[Black "Pearson, Raymond"]
[Result "1/2-1/2"]
[WhiteElo "2017"]
[BlackElo "1944"]
[PlyCount "83"]
[EventDate "2013.11.16"]
[EventType "team-swiss"]
[EventRounds "11"]
[EventCountry "ENG"]
[SourceTitle "EXT 2015"]
[Source "ChessBase"]
[SourceDate "2014.11.20"]
[SourceVersion "1"]
[SourceVersionDate "2014.11.20"]
[SourceQuality "1"]
[WhiteTeam "KJCA Knights"]
[BlackTeam "Holmes Chapel"]
[WhiteTeamCountry "ENG"]
[BlackTeamCountry "ENG"]

1. e4 c5 2. Nf3 d6 3. d4 cxd4 4. Nxd4 Nf6 5. Nc3 g6 6. Be3 Bg7 7. f3 0-0 8. Qd2 Nc6 9. Bc4 Bd7 10. 0-0-0 Rb8 11. g4 Nxd4 12. Bxd4 b5 13. Be2 a5 14. h4 b4 15. Nd5 Nxd5 16. Bxg7 Kxg7 17. Qxd5 Be6 18. Qd4+ f6 19. Kb1 Qb6 20. Qxb6 Rxb6 21. b3 a4 22. Rd4 a3 23. Bc4 Kf7 24. Rhd1 Rc8 25. Bxe6+ Kxe6 26. Rd5 Rc5 27. f4 Rbb5 28. f5+ Kf7 29. Rxc5 Rxc5 30. c4 bxc3 31. Kc2 gxf5 32. gxf5 Re5 33. Rd4 d5 34. exd5 Re2+ 35. Kxc3 Rxa2 36. Ra4 Ra1 37. Kb4 a2 38. Ka3 Rd1 39. Kxa2 Rxd5 40. Rf4 e5 41. fxe6+ Kxe6 42. Ka3 1/2-1/2

[Event "BCF-chT3 1314 (4NCL)"]
[Site "England"]
[Date "2014.05.04"]
[Round "10.148"]
[White "Pearson, Raymond"]
[Black "Kreuzer, Christopher RL"]
[Result "1/2-1/2"]
[WhiteElo "1944"]
[BlackElo "1923"]
[PlyCount "104"]
[EventDate "2013.11.16"]
[EventType "team-swiss"]
[EventRounds "11"]
[EventCountry "ENG"]
[SourceTitle "EXT 2015"]
[Source "ChessBase"]
[SourceDate "2014.11.20"]
[SourceVersion "1"]
[SourceVersionDate "2014.11.20"]
[SourceQuality "1"]
[WhiteTeam "Holmes Chapel"]
[BlackTeam "Cambridge III"]
[WhiteTeamCountry "ENG"]
[BlackTeamCountry "ENG"]

1. c4 Nf6 2. Nc3 e5 3. Nf3 e4 4. Ng5 Qe7 5. d4 h6 6. Nh3 d5 7. cxd5 Bxh3 8. gxh3 Qb4 9. a3 Qa5 10. Qb3 Nbd7 11. Bd2 Qb6 12. Qa4 Bd6 13. Bg2 0-0 14. e3 Qxb2 15. Rb1 Qxa3 16. Qxa3 Bxa3 17. Nb5 Bd6 18. Nxd6 cxd6 19. Rxb7 Nb6 20. Ke2 Rfb8 21. Rxb8+ Rxb8 22. Ra1 Nc4 23. Ba5 Rb2+ 24. Ke1 Nxe3 25. Bxe4 Nxe4 26. fxe3 Rxh2 27. Ra3 Nf6 28. Bb4 Nxd5 29. Bxd6 Rxh3 30. Ke2 g5 31. Ra5 Nc3+ 32. Kd3 Nd1 33. Ke2 Rxe3+ 34. Kxd1 Rd3+ 35. Ke2 Rxd4 36. Be5 Rb4 37. Ba1 Rb7 38. Kf3 Kh7 39. Ra6 Rb6 40. Rxa7 Kg6 41. Bd4 Rb3+ 42. Kg2 Rd3 43. Ra6+ Kh5 44. Bg7 f5 45. Rxh6+ Kg4 46. Rg6 Rd2+ 47. Kg1 f4 48. Bh6 Kh5 49. Rxg5+ Kxh6 50. Rg4 Rd4 51. Kf2 Kh5 52. Rg8 Rd3 1/2-1/2

[Event "Bunratty Masters op 20th"]
[Site "Bunratty"]
[Date "2013.03.03"]
[Round "6"]
[White "Lyons, Brendan"]
[Black "Pearson, Raymond"]
[Result "1/2-1/2"]
[WhiteElo "2007"]
[BlackElo "1926"]
[PlyCount "81"]
[EventDate "2013.03.01"]
[EventType "swiss"]
[EventRounds "6"]
[EventCountry "IRL"]
[SourceTitle "CBM 153 Extra"]
[Source "ChessBase"]
[SourceDate "2013.04.22"]
[SourceVersion "1"]
[SourceVersionDate "2013.04.22"]
[SourceQuality "1"]

1. Nf3 Nf6 2. g3 g6 3. Bg2 Bg7 4. d3 0-0 5. e4 d5 6. e5 Ng4 7. Bf4 f6 8. d4 fxe5 9. dxe5 c6 10. Qd2 Nd7 11. Qe2 Qb6 12. c3 Ndxe5 13. 0-0 Nxf3+ 14. Bxf3 Nf6 15. Be3 Qd8 16. Bd4 Bf5 17. Nd2 Qd7 18. Bg2 b6 19. b4 Rae8 20. a4 Bh3 21. Nf3 Bxg2 22. Kxg2 Ne4 23. Bxg7 Kxg7 24. c4 e5 25. b5 cxb5 26. axb5 Re7 27. Rfe1 Ref7 28. Ra3 Qe7 29. Re3 dxc4 30. Rxe4 Rxf3 31. Qxc4 Rxf2+ 32. Kg1 Qc5 33. Qxc5 bxc5 34. Rxe5 Rc2 35. Re7+ Rf7 36. Rxf7+ Kxf7 37. Ra1 Rb2 38. Rxa7+ Kg8 39. Rb7 c4 40. Rc7 Rxb5 41. Rxc4 1/2-1/2

[Event "Bunratty Masters op 20th"]
[Site "Bunratty"]
[Date "2013.03.01"]
[Round "1"]
[White "Bates, Richard"]
[Black "Pearson, Raymond"]
[Result "1-0"]
[WhiteElo "2377"]
[BlackElo "1926"]
[PlyCount "91"]
[EventDate "2013.03.01"]
[EventType "swiss"]
[EventRounds "6"]
[EventCountry "IRL"]
[SourceTitle "CBM 153 Extra"]
[Source "ChessBase"]
[SourceDate "2013.04.22"]
[SourceVersion "1"]
[SourceVersionDate "2013.04.22"]
[SourceQuality "1"]

1. e4 e6 2. d3 d5 3. Nd2 Nf6 4. Ngf3 dxe4 5. dxe4 Bc5 6. Bd3 Nc6 7. 0-0 e5 8. Nc4 Qe7 9. c3 a5 10. Ne3 0-0 11. Nd5 Qd6 12. Bg5 Nd7 13. Nh4 Nb6 14. Qe2 f6 15. Nxb6 Bxb6 16. Bc4+ Kh8 17. Be3 Bxe3 18. Qxe3 Be6 19. Rad1 Qe7 20. Bd5 Ra6 21. Rd3 Bxd5 22. Rxd5 Rb6 23. Qh3 Kg8 24. Nf5 Qe8 25. b3 Nb8 26. Rfd1 Rb5 27. Ne7+ Kf7 28. Qh5+ Kxe7 29. Qxe8+ Rxe8 30. Rxb5 b6 31. Rbd5 g6 32. f3 h5 33. h4 Rc8 34. Kf2 Ke6 35. Rd8 Rxd8 36. Rxd8 Nc6 37. Rg8 Ne7 38. Rg7 c6 39. g4 hxg4 40. fxg4 b5 41. h5 gxh5 42. gxh5 f5 43. Rxe7+ Kxe7 44. exf5 Kf6 45. h6 c5 46. Ke3 1-0